| 000 | 00840nam a2200241 i 4500 | ||
|---|---|---|---|
| 001 | 181927 | ||
| 003 | ES-MaACL | ||
| 005 | 20260203063034.0 | ||
| 008 | 130507s2011 sp | |||||||| | spa d | ||
| 020 | _a978-84-9895-799-0 | ||
| 080 | _a821.111(417)-14"19" | ||
| 100 | 1 |
_aHeaney, Seamus, _d1939-2013 _9166173 |
|
| 245 | 1 | 0 |
_aCadena humana / _cSeamus Heaney ; traducción de Pura López Colomé. |
| 260 |
_aMadrid : _bVisor Libros, _cD.L. 2011. |
||
| 300 |
_a158 p. ; _c20 cm. |
||
| 490 | 1 |
_aColección Visor de poesía ; _vv. 799 |
|
| 546 | _aTexto en inglés y traducción al español. | ||
| 700 | 1 |
_aLópez Colomé, Pura. _9152724 |
|
| 830 | 0 |
_aColección Visor de poesía _vv. 799 _9177331 |
|
| 852 |
_aES-MaACL _jA-12624 _9188835 _bR.148614 _cDEPO1 _dOlim: N-5628 |
||
| 942 |
_2udc _cMONOGRAFIA |
||
| 999 |
_c181927 _d181927 |
||